Работы разных лет; Сочинения

Detaylı Bibliyografya
Parent link:Сочинения: В 18-ти кн./ С. М. Соловьев; под ред. И. Д. Ковальченко. Кн. 18.— , 1988-2000
Dil:Rusça
Baskı/Yayın Bilgisi: 1995
Konular:
Materyal Türü: Kitap
KOHA link:https://koha.lib.tpu.ru/cgi-bin/koha/opac-detail.pl?biblionumber=1297

MARC

LEADER 00000nam0a2200000 4500
001 1297
005 20241126063144.0
010 |a 5244000756 
035 |a (RuTPU)RU\TPU\book\1304 
035 |a BOOK00001306 
090 |a 1297 
100 |a 20011209d1995 k y0rusy50 ca 
101 0 |a rus 
102 |a RU 
105 |a y z 000zy 
200 1 |a Работы разных лет 
210 |d 1995 
215 |a 717 с. 
461 |t Сочинения  |o В 18-ти кн.  |f С. М. Соловьев  |g под ред. И. Д. Ковальченко  |v Кн. 18  |d 1988-2000 
600 0 |a Петр Великий  |d I  |f 1672-1725  |c российский царь из династии Романовых  |c первый российский император  |2 stltpui  |3 (RuTPU)RU\TPU\pers\365 
606 |a Россия  |x История  |7 ca  |8 rus  |9 81526 
686 |a Т3(2)  |2 rubbk 
801 0 |a RU  |b 63413507  |c 20011209  |g PSBO 
801 2 |a RU  |b 63413507  |c 20120831  |g PSBO 
942 |c BK